Development of information system for vital life parameters of newborns; Информационные технологии в науке, управлении, социальной сфере и медицине

Dades bibliogràfiques
Parent link:Информационные технологии в науке, управлении, социальной сфере и медицине.— 2015.— [С. 834-836]
Autor principal: Hassanin H. M.
Autor corporatiu: Национальный исследовательский Томский политехнический университет (ТПУ)
Sumari:Заглавие с титульного экрана
Information system for monitoring vital parameters set by the medical equipment related to medical diagnostic devices for the study of physiological parameters of a newborn and can be used mainly for long-distance non-contact monitoring of vital activity of the newborn, such as movement, breathing and heartbeat [1]. The relevance of this work is evident and the need to address the information system for monitoring vital parameters, estimates and projections status of newborns as the problems of the complex. The purpose of writing this work was to study the information system for monitoring vital parameters, estimates and forecasts of the state of newborns.
Idioma:anglès
Publicat: 2015
Col·lecció:Математические методы и информационные технологии в психологии и медицине
Matèries:
Accés en línia:http://earchive.tpu.ru/handle/11683/17284
http://www.lib.tpu.ru/fulltext/c/2015/C24/367.pdf
Format: MixedMaterials Electrònic Capítol de llibre
KOHA link:https://koha.lib.tpu.ru/cgi-bin/koha/opac-detail.pl?biblionumber=614087

MARC

LEADER 00000naa2a2200000 4500
001 614087
005 20231101132806.0
035 |a (RuTPU)RU\TPU\conf\12251 
035 |a RU\TPU\conf\12250 
090 |a 614087 
100 |a 20150907d2015 k y0rusy50 ba 
101 0 |a eng 
102 |a RU 
105 |a y z 101zy 
135 |a drcn ---uucaa 
181 0 |a i  
182 0 |a b 
200 1 |a Development of information system for vital life parameters of newborns  |d Развитие информационной системы для важных параметров жизни новорожденных  |f H. M. Hassanin 
203 |a Текст  |c электронный 
225 1 |a Математические методы и информационные технологии в психологии и медицине 
230 |a 1 компьютерный файл (pdf; 491 Кb) 
300 |a Заглавие с титульного экрана 
320 |a [Библиогр.: с. 836 (4 назв.)] 
330 |a Information system for monitoring vital parameters set by the medical equipment related to medical diagnostic devices for the study of physiological parameters of a newborn and can be used mainly for long-distance non-contact monitoring of vital activity of the newborn, such as movement, breathing and heartbeat [1]. The relevance of this work is evident and the need to address the information system for monitoring vital parameters, estimates and projections status of newborns as the problems of the complex. The purpose of writing this work was to study the information system for monitoring vital parameters, estimates and forecasts of the state of newborns. 
337 |a Adobe Reader 
463 0 |0 (RuTPU)RU\TPU\conf\11725  |t Информационные технологии в науке, управлении, социальной сфере и медицине  |o сборник научных трудов II Международной конференции, 19-22 мая 2015 г., Томск  |f Национальный исследовательский Томский политехнический университет (ТПУ) ; ред. кол. О. Г. Берестнева [и др.]  |v [С. 834-836]  |d 2015 
510 1 |a Развитие информационной системы для важных параметров жизни новорожденных  |z eng 
610 1 |a труды учёных ТПУ 
610 1 |a электронный ресурс 
610 1 |a информационные системы 
610 1 |a новорожденные 
700 1 |a Hassanin  |b H. M. 
712 0 2 |a Национальный исследовательский Томский политехнический университет (ТПУ)  |c (2009- )  |2 stltpush  |3 (RuTPU)RU\TPU\col\15902 
801 2 |a RU  |b 63413507  |c 20210129  |g RCR 
856 4 |u http://earchive.tpu.ru/handle/11683/17284 
856 4 |u http://www.lib.tpu.ru/fulltext/c/2015/C24/367.pdf 
942 |c BK